Statistiques concernant Le peintre David

Cliquez ici pour prendre le quiz!

Statistiques générales

  • Ce quiz a été pris 38 fois
  • Le résultat moyen est 4 sur 16

Statistiques - réponses

4 questions sur le peintre et 12 toiles à découvrirRéponse% Correct
né le 30-08-1748, mais où ?Paris
91%
prénom du peintreJacques-Louis
82%
Emblème du néoclassicisme (Louvre)Le serment des Horaces
45%
mort le 29-12-1825, mais où ?Bruxelles
33%
Elles s'interposent pour séparer des combattants (Louvre)Les Sabines
27%
de qui était-il le peintre attitré ?Napoléon 1er
27%
Philosophe grec qui dut boire la cigüe ( New York)La mort de Socrate
24%
Charlotte Corday est à l'origine de cette toileMarat assassiné
24%
Engagement d’union de 578 députés ( musée Carnavalet)Le serment du jeu de paume
21%
Suicide d'un philosophe romain (Petit Palais)La mort de Sénèque
9%
portrait équestre du Premier Consul exposé au Château de la MalmaisonBonaparte franchissant le grand Saint-Bernard
6%
Un grand couronnement ( Louvre)Le sacre de Napoléon 1er
6%
Epouse sur le corps d'Hector son mari (Louvre)La douleur d'Andromaque
3%
Rixe entre deux dieux (Louvre)Combat de Minerve contre Mars
0%
300 Spartiates s'opposent à l'armée perse (Louvre)Léonidas aux Termopyles
0%
couple à l'origine de la guerre de Troie (Louvre)Les amours de Paris et d'Hélène
0%

Distribution des résultats

Percentile par nombre de réponses

% des personnes avec chaque résultat

Votre développement - résultats

Vous n’avez pas pris ce quiz